[Event "2nd Big Slick GM"]
[Site "London ENG"]
[Date "2011.06.25"]
[Round "1"]
[White "Shiven, Khosla"]
[Black "Ledger, Dave J"]
[Result "1-0"]
[BlackTitle "FM"]
[WhiteElo "2391"]
[BlackElo "2245"]
[WhiteFideId "5026415"]
[BlackFideId "401986"]
[EventDate "2011.06.25"]

1. e4 e5 2. Nf3 Nc6 3. Bb5 a6 4. Ba4 Nf6 5. O-O b5 6. Bb3 Bb7 7. d3 Bd6 8. a4
O-O 9. Nc3 b4 10. Ne2 Na5 11. Ba2 Re8 12. Re1 c5 13. Ng3 Bf8 14. c3 h6 15. Bd2
Rb8 16. cxb4 cxb4 17. d4 exd4 18. e5 Nd5 19. Nxd4 b3 20. Bxa5 Qxa5 21. Qxb3 Ba8
22. Qc2 Nb4 23. Qd2 Rxe5 24. Bxf7+ Kh8 25. Bb3 Rxe1+ 26. Rxe1 Qb6 27. Qf4 Bc5
28. Qf7 Qd8 29. Ndf5 Qf8 30. Qxf8+ Rxf8 31. Rd1 g6 32. Ne3 Bc6 33. Ne2 Kg7 34.
Nd4 Be4 35. Bc4 h5 36. Nb3 Bxe3 37. Rxd7+ Kh6 38. fxe3 Bc6 39. Rd6 Bxa4 40. Nd4
a5 41. b3 Rc8 42. Nf5+ Kh7 43. Ne7 Re8 44. Nxg6 Bc6 45. Kf2 a4 46. bxa4 Bxa4 47.
Nf4 Re5 48. Be2 Be8 49. Rb6 Nc6 50. Bxh5 1-0

[Event "2nd Big Slick GM"]
[Site "London ENG"]
[Date "2011.06.25"]
[Round "1"]
[White "Houska, Jovanka"]
[Black "Eggleston, David J"]
[Result "1/2-1/2"]
[WhiteTitle "IM"]
[BlackTitle "FM"]
[WhiteElo "2429"]
[BlackElo "2319"]
[WhiteFideId "405094"]
[BlackFideId "412120"]
[EventDate "2011.06.25"]

1. d4 Nf6 2. Nf3 e6 3. c4 b6 4. g3 Bb7 5. Bg2 Be7 6. O-O O-O 7. Nc3 Na6 8. b3 d5
9. cxd5 Nxd5 10. Bb2 c5 11. Qd2 Nxc3 12. Bxc3 cxd4 13. Bxd4 f6 14. Qb2 e5 15.
Bc3 Nc7 16. Rfd1 Qe8 17. Qc2 Qc8 18. Bb2 a5 19. Rac1 Bc5 20. a3 e4 21. Nd4 f5
22. b4 axb4 23. axb4 Bxd4 24. Rxd4 Nd5 25. Qb3 Qe6 26. f3 Nf4 27. Qxe6+ Nxe6 28.
Rd6 Ra2 29. Be5 Re8 30. f4 Ba6 31. g4 fxg4 32. Rd7 g6 33. Ra7 Bc4 34. Rxa2 Bxa2
35. Rc6 b5 36. Rd6 Bc4 37. e3 Bd3 38. h3 g3 39. Bf1 Bxf1 40. Kxf1 Ng7 41. Bxg7
Kxg7 42. Kg2 Rc8 43. Rd5 Rc3 44. Kxg3 Rxe3+ 45. Kg2 Rb3 46. Rxb5 Kf6 47. Rb8 Kf5
48. Rf8+ Ke6 49. Re8+ Kd5 50. b5 Kd4 51. Re5 Kd3 52. Kf2 Rb2+ 53. Kg3 Ke3 54. h4
h5 55. f5 gxf5 56. Rxf5 Rb3 57. Rxh5 Ke2+ 58. Kg4 e3 59. Re5 Kf2 60. h5 e2 61.
Rxe2+ Kxe2 62. h6 Rb4+ 63. Kg5 Rxb5+ 64. Kg6 Kf3 65. h7 Rb6+ 66. Kg7 Rb7+ 67.
Kg6 Rb8 68. Kg7 Ke4 69. h8=Q Rxh8 1/2-1/2

[Event "2nd Big Slick GM"]
[Site "London ENG"]
[Date "2011.06.25"]
[Round "1"]
[White "Vaibhav, Suri"]
[Black "Slavin, Alexei"]
[Result "1-0"]
[WhiteTitle "IM"]
[BlackTitle "IM"]
[WhiteElo "2430"]
[BlackElo "2412"]
[WhiteFideId "5045185"]
[BlackFideId "24104388"]
[EventDate "2011.06.25"]

1. e4 c5 2. Nf3 g6 3. d4 cxd4 4. Nxd4 Bg7 5. c4 Nc6 6. Be3 Nf6 7. Nc3 O-O 8. Be2
d6 9. O-O Bd7 10. Nc2 Qa5 11. f3 Nb4 12. Nd4 Rfc8 13. Qd2 Qd8 14. Rfd1 Nc6 15.
Nc2 Be6 16. Rac1 Qf8 17. b3 Qd8 18. Nd5 Nd7 19. Nf4 Qa5 20. Qxa5 Nxa5 21. Nd4
Bxd4 22. Bxd4 Nc6 23. Bc3 a5 24. h4 h6 25. Kf2 Nc5 26. Rd2 Bd7 27. Nd5 Ra6 28.
Rb1 Be6 29. a3 Ra7 30. b4 Na4 31. Ba1 axb4 32. axb4 Bxd5 33. exd5 Nb8 34. h5 g5
35. Bd4 Ra8 36. Bd3 Nd7 37. Bf5 Rd8 38. Bxd7 Rxd7 39. Ra1 Rdd8 40. Rda2 Nb6 41.
Bxb6 1-0

[Event "2nd Big Slick GM"]
[Site "London ENG"]
[Date "2011.06.25"]
[Round "1"]
[White "Williams, Simon K"]
[Black "Arkell, Keith C"]
[Result "1-0"]
[WhiteTitle "GM"]
[BlackTitle "GM"]
[WhiteElo "2520"]
[BlackElo "2419"]
[WhiteFideId "404454"]
[BlackFideId "400270"]
[EventDate "2011.06.25"]

1. e4 e6 2. Nf3 d5 3. Nc3 Nf6 4. e5 Nfd7 5. d4 c5 6. dxc5 Bxc5 7. Bd3 Nc6 8. Bf4
f5 9. exf6 Qxf6 10. Bg5 Qf7 11. Qe2 O-O 12. O-O-O h6 13. Bh4 Nde5 14. Nxe5 Qf4+
15. Kb1 Qxe5 16. Qxe5 Nxe5 17. f3 Bd7 18. Rhe1 Nxd3 19. cxd3 Bb4 20. Bf2 b6 21.
Bd4 Bd6 22. Be5 Bxe5 23. Rxe5 Kf7 24. Rde1 Kf6 25. f4 Rae8 26. h4 Ke7 27. g3 Kd6
28. Kc2 Rc8 29. Kd2 Rf6 30. Ne2 Rf5 31. Rxf5 exf5 32. Nd4 h5 33. Re5 g6 34. Re1
Re8 35. Rxe8 Bxe8 36. b4 Bd7 37. Kc3 Be8 38. a3 Bd7 39. Nf3 Bb5 40. Kd4 Bd7 41.
Nd2 Be8 42. Nb1 Bd7 43. Nc3 Bc6 44. b5 Bb7 45. a4 Ke6 46. a5 bxa5 47. Kc5 Kd7
48. d4 Kc7 49. Na4 Ba8 50. Nb2 Bb7 51. Nd3 Bc8 52. Ne5 Bd7 53. Nxg6 a4 54. Ne7
Be6 55. Kb4 Kd6 56. Ng6 Bd7 57. Kxa4 a6 58. Ka5 Bxb5 59. Kb6 Be2 60. Ne5 Bb5 61.
Nf3 Bd3 62. Nd2 Bc4 63. Nb1 a5 64. Kxa5 Kc6 65. Nc3 Kb7 66. Na4 Kc6 67. Nc5 Be2
68. Ne6 Bg4 69. Ng5 Be2 70. Nf7 Kc7 71. Ne5 Bf1 72. Nf7 Be2 73. Nh6 Bd3 74. Ng8
Kc6 75. Nh6 Kc7 76. Kb4 Kc6 77. Nf7 Kb6 78. Nd6 Be2 79. Kc3 Bg4 80. Nf7 Bd1 81.
Nh6 1-0

[Event "2nd Big Slick GM"]
[Site "London ENG"]
[Date "2011.06.25"]
[Round "1"]
[White "Galego, Luis"]
[Black "Ansell, Simon T"]
[Result "1/2-1/2"]
[WhiteTitle "GM"]
[BlackTitle "IM"]
[WhiteElo "2501"]
[BlackElo "2427"]
[WhiteFideId "1900072"]
[BlackFideId "402141"]
[EventDate "2011.06.25"]

1. e4 c5 2. Nf3 Nc6 3. Nc3 d6 4. Bb5 e5 5. O-O Nf6 6. d3 Be7 7. Ne2 Bg4 8. Bxc6+
bxc6 9. Nd2 Nh5 10. Nc4 O-O 11. Ne3 Be6 12. Nf5 Bxf5 13. exf5 Nf6 14. Ng3 h6 15.
Re1 Nh7 16. Qf3 Rc8 17. Re4 Bg5 18. Ra4 Rc7 19. Bxg5 Nxg5 20. Qg4 Nh7 21. Nh5
Qg5 22. h4 Qxg4 23. Rxg4 Kh8 24. Re1 Rg8 25. Re3 Nf6 26. Nxf6 gxf6 27. Ra4 Rb8
28. b3 Rb4 29. Re4 Rd4 30. f3 Kg7 31. Kf2 Kf8 32. Kg3 Kg7 33. Ra5 Rb4 34. c3
Rbb7 35. Kg4 Re7 36. Kh5 Kh7 37. Rg4 Rb5 38. Ra6 Rb6 39. Rga4 Rxa6 40. Rxa6 Rc7
41. a3 Kg7 42. b4 cxb4 43. axb4 c5 44. Rxd6 cxb4 45. cxb4 Rb7 46. d4 exd4 47.
Rxd4 Rb5 48. g4 a5 49. bxa5 Rxa5 50. Rf4 Ra7 51. Re4 Ra1 52. Rf4 Rh1 53. Rc4 Rf1
54. f4 Rh1 55. g5 hxg5 56. fxg5 fxg5 57. Kxg5 Rg1+ 58. Rg4 Ra1 59. f6+ Kh8 60.
Re4 Rg1+ 61. Kf5 Rf1+ 62. Ke5 Rf2 63. Rd4 Re2+ 64. Re4 Rf2 65. Rf4 Re2+ 66. Kf5
Re1 67. h5 Rh1 68. Kg5 Kh7 69. Re4 Rg1+ 70. Kf5 Rf1+ 71. Kg5 Rg1+ 72. Rg4 Rxg4+
73. Kxg4 Kh6 74. Kh4 Kh7 75. Kg5 Kg8 76. Kh6 Kh8 77. Kg5 Kg8 78. Kf5 Kh7 1/2-1/2

[Event "2nd Big Slick GM"]
[Site "London ENG"]
[Date "2011.06.26"]
[Round "2"]
[White "Ledger, Dave J"]
[Black "Ansell, Simon T"]
[Result "1/2-1/2"]
[WhiteTitle "FM"]
[BlackTitle "IM"]
[WhiteElo "2245"]
[BlackElo "2427"]
[WhiteFideId "401986"]
[BlackFideId "402141"]
[EventDate "2011.06.25"]

1. e4 c6 2. d4 d5 3. e5 Bf5 4. Nc3 a6 5. Nf3 e6 6. Be2 c5 7. O-O Nc6 8. Be3 cxd4
9. Nxd4 Nge7 10. f4 Nxd4 11. Bxd4 Nc6 12. Bf2 Be7 13. Bd3 Bxd3 14. Qxd3 Rc8 15.
a3 O-O 16. Ne2 g6 17. Qh3 Qd7 18. Rad1 Na5 19. Nd4 Nc6 20. c3 Nxd4 21. Bxd4 f5
22. exf6 Bxf6 23. Rfe1 Rc6 24. Qg4 1/2-1/2

[Event "2nd Big Slick GM"]
[Site "London ENG"]
[Date "2011.06.26"]
[Round "2"]
[White "Arkell, Keith C"]
[Black "Galego, Luis"]
[Result "1/2-1/2"]
[WhiteTitle "GM"]
[BlackTitle "GM"]
[WhiteElo "2419"]
[BlackElo "2501"]
[WhiteFideId "400270"]
[BlackFideId "1900072"]
[EventDate "2011.06.25"]

1. Nf3 Nf6 2. d4 e6 3. c4 Bb4+ 4. Bd2 Bxd2+ 5. Qxd2 O-O 6. Nc3 d5 7. e3 Nbd7 8.
Bd3 Qe7 9. O-O c6 10. Rfd1 dxc4 11. Bxc4 e5 12. dxe5 Nxe5 13. Nxe5 Qxe5 1/2-1/2

[Event "2nd Big Slick GM"]
[Site "London ENG"]
[Date "2011.06.26"]
[Round "2"]
[White "Slavin, Alexei"]
[Black "Williams, Simon K"]
[Result "1/2-1/2"]
[WhiteTitle "IM"]
[BlackTitle "GM"]
[WhiteElo "2412"]
[BlackElo "2520"]
[WhiteFideId "24104388"]
[BlackFideId "404454"]
[EventDate "2011.06.25"]

1. Nf3 f5 2. g3 Nf6 3. Bg2 d6 4. d4 e6 5. O-O Be7 6. Nc3 O-O 7. Qd3 Nc6 8. e4
fxe4 9. Nxe4 e5 10. dxe5 dxe5 11. Qc4+ Kh8 12. Nxf6 gxf6 13. Bh6 Rg8 14. Qf7 Rg6
15. Rad1 Qg8 16. Qxg8+ Kxg8 17. Be3 f5 18. Ne1 Bd6 19. Bd5+ Kf8 20. Ng2 Be7 21.
c3 a5 22. a4 Nd8 23. Rfe1 c6 24. Bf3 Nf7 25. Bh5 Rd6 26. Rxd6 Bxd6 27. Rd1 Be7
28. Bb6 Be6 29. Ne3 Kg7 30. Rd2 Ng5 31. Bc7 Ne4 32. Rd1 Kf6 33. f4 exf4 34. Bxf4
Rd8 35. Rxd8 Bxd8 36. Bd1 Nc5 37. Bc2 b5 38. axb5 cxb5 39. Kf2 b4 40. cxb4 axb4
41. Bd6 Bb6 42. Ke2 b3 43. Bd3 Na4 44. Nc4 Bd4 45. Ba3 Kg5 46. h3 Nc5 47. Bxc5
Bxc5 48. Nd2 h5 49. Bc4 Bxc4+ 50. Nxc4 f4 51. Nd2 fxg3 52. Kf3 1/2-1/2

[Event "2nd Big Slick GM"]
[Site "London ENG"]
[Date "2011.06.26"]
[Round "2"]
[White "Eggleston, David J"]
[Black "Vaibhav, Suri"]
[Result "0-1"]
[WhiteTitle "FM"]
[BlackTitle "IM"]
[WhiteElo "2319"]
[BlackElo "2430"]
[WhiteFideId "412120"]
[BlackFideId "5045185"]
[EventDate "2011.06.25"]

1. e4 c5 2. Nf3 e6 3. d4 cxd4 4. Nxd4 Nc6 5. Nc3 Qc7 6. Be3 a6 7. Bd3 Nf6 8. O-O
Nxd4 9. Bxd4 Bc5 10. Be2 d6 11. Bxf6 gxf6 12. Rb1 b5 13. b4 Ba7 14. Qd3 Bb7 15.
Rfd1 Rc8 16. Rb3 Bb8 17. Bf3 Ke7 18. Qe3 Rhg8 19. g3 Rg5 20. Rd2 Ba8 21. a4 Ba7
22. Qd3 Bc6 23. axb5 axb5 24. Ra3 Bb6 25. Ne2 Qb8 26. Nd4 Bd7 27. e5 d5 28.
exf6+ Kxf6 29. Be2 Kg7 30. Qe3 Rg6 31. f4 Kh8 32. c3 f6 33. f5 exf5 34. Bh5 f4
35. Qf3 Rg7 36. Qxd5 fxg3 37. h4 g2 38. Rxg2 Bc6 39. Rxg7 Bxd5 40. Rg4 Qe5 0-1

[Event "2nd Big Slick GM"]
[Site "London ENG"]
[Date "2011.06.26"]
[Round "2"]
[White "Shiven, Khosla"]
[Black "Houska, Jovanka"]
[Result "1/2-1/2"]
[BlackTitle "IM"]
[WhiteElo "2391"]
[BlackElo "2429"]
[WhiteFideId "5026415"]
[BlackFideId "405094"]
[EventDate "2011.06.25"]

1. e4 c6 2. d4 d5 3. Nc3 dxe4 4. Nxe4 Bf5 5. Ng3 Bg6 6. h4 h6 7. Nf3 Nd7 8. h5
Bh7 9. Bd3 Bxd3 10. Qxd3 e6 11. Bf4 Qa5+ 12. Bd2 Bb4 13. c3 Be7 14. c4 Qc7 15.
O-O-O Ngf6 16. Kb1 O-O 17. Qe2 b5 18. c5 Rfd8 19. Ne4 Nxe4 20. Qxe4 Nf6 21. Qe2
Ng4 22. Rh3 e5 23. Rg3 f5 24. Nxe5 Rxd4 25. Nxg4 fxg4 26. Rxg4 Rxg4 27. Qxg4 Rd8
28. Qe6+ Kh8 29. Kc2 Bxc5 30. Bf4 Qa5 31. Rxd8+ Qxd8 32. Bxh6 Bxf2 33. Bd2 c5
34. h6 Bd4 35. hxg7+ Bxg7 36. Bc3 Bxc3 37. bxc3 Qa5 38. g4 b4 39. g5 Qa4+ 40.
Qb3 Qa6 41. cxb4 cxb4 42. Qd5 Kg7 43. Kd2 Kg6 44. Ke3 Qc8 45. Qe4+ 1/2-1/2

[Event "2nd Big Slick GM"]
[Site "London ENG"]
[Date "2011.06.27"]
[Round "3"]
[White "Houska, Jovanka"]
[Black "Ledger, Dave J"]
[Result "1-0"]
[WhiteTitle "IM"]
[BlackTitle "FM"]
[WhiteElo "2429"]
[BlackElo "2245"]
[WhiteFideId "405094"]
[BlackFideId "401986"]
[EventDate "2011.06.25"]

1. d4 Nf6 2. Nf3 g6 3. c4 Bg7 4. g3 O-O 5. Bg2 d6 6. O-O c6 7. Nc3 Qa5 8. h3 Be6
9. Nd2 Qa6 10. b3 d5 11. cxd5 Nxd5 12. Nxd5 Bxd5 13. Bxd5 cxd5 14. Nf3 Nc6 15.
Bb2 Rac8 16. Qd2 Rc7 17. Rfc1 Rfc8 18. Kg2 e6 19. Rc2 Ne7 20. Bc3 Nf5 21. Rac1
Bf8 22. Ne5 Qd6 23. e3 Qd8 24. Bb2 Nd6 25. Rxc7 Rxc7 26. Qa5 b6 27. Qa4 Ne4 28.
Rc6 Bd6 29. Ba3 Bxa3 30. Qxa3 Rxc6 31. Nxc6 Qf6 32. Qb2 a5 33. Qe2 Kg7 34. Ne5
Qe7 35. Qc2 h5 36. Qc6 Qf6 37. f3 Ng5 38. h4 Nh7 39. Qxb6 Qf5 40. Qc7 g5 41. Kf2
g4 42. f4 Qb1 43. Qxf7+ Kh6 44. Qxe6+ Kg7 45. Qxd5 Qc2+ 46. Kg1 Qc1+ 47. Kh2
Qd2+ 48. Qg2 Qxe3 49. Qb7+ Kf6 50. Qf7# 1-0

[Event "2nd Big Slick GM"]
[Site "London ENG"]
[Date "2011.06.27"]
[Round "3"]
[White "Vaibhav, Suri"]
[Black "Shiven, Khosla"]
[Result "1/2-1/2"]
[WhiteTitle "IM"]
[WhiteElo "2430"]
[BlackElo "2391"]
[WhiteFideId "5045185"]
[BlackFideId "5026415"]
[EventDate "2011.06.25"]

1. e4 c5 2. Nf3 d6 3. d4 cxd4 4. Nxd4 Nf6 5. Nc3 Nc6 6. Bc4 e6 7. Be3 a6 8. Bb3
Be7 9. f4 O-O 10. Qf3 Nxd4 11. Bxd4 b5 12. O-O-O Bb7 13. Rhe1 Bc6 14. f5 Kh8 15.
Qg3 b4 16. Ne2 exf5 17. exf5 Qd7 18. Nf4 Rae8 19. Qh3 Bd8 20. Rxe8 Qxe8 21. Nh5
Nxh5 22. Qxh5 f6 23. Qg4 Qe4 24. Qxe4 Bxe4 25. g4 Bc7 26. Bf2 d5 27. Bg3 Bb6 28.
Bd6 Be3+ 29. Kb1 Rc8 30. Bxb4 d4 31. Re1 1/2-1/2

[Event "2nd Big Slick GM"]
[Site "London ENG"]
[Date "2011.06.27"]
[Round "3"]
[White "Williams, Simon K"]
[Black "Eggleston, David J"]
[Result "1/2-1/2"]
[WhiteTitle "GM"]
[BlackTitle "FM"]
[WhiteElo "2520"]
[BlackElo "2319"]
[WhiteFideId "404454"]
[BlackFideId "412120"]
[EventDate "2011.06.25"]

1. c4 Nf6 2. Nc3 e6 3. Nf3 c5 4. g3 b6 5. Bg2 Bb7 6. O-O Be7 7. Re1 O-O 8. e4 d6
9. d4 cxd4 10. Nxd4 Qc7 11. b3 a6 12. Bb2 Nbd7 13. Rc1 Rac8 14. f4 Rfd8 15. f5
e5 16. Nd5 Nxd5 17. cxd5 Nc5 18. b4 exd4 19. Bxd4 f6 20. Ba1 Qd7 21. bxc5 dxc5
22. Qe2 Bd6 23. g4 Bf4 24. Rb1 b5 25. h4 1/2-1/2

[Event "2nd Big Slick GM"]
[Site "London ENG"]
[Date "2011.06.27"]
[Round "3"]
[White "Ansell, Simon T"]
[Black "Arkell, Keith C"]
[Result "0-1"]
[WhiteTitle "IM"]
[BlackTitle "GM"]
[WhiteElo "2427"]
[BlackElo "2419"]
[WhiteFideId "402141"]
[BlackFideId "400270"]
[EventDate "2011.06.25"]

1. e4 c6 2. Nc3 d5 3. Nf3 Bg4 4. h3 Bxf3 5. Qxf3 Nf6 6. d3 e6 7. Bd2 Bb4 8. e5
Nfd7 9. Qg4 Bf8 10. f4 h5 11. Qf3 h4 12. O-O-O g6 13. g4 hxg3 14. h4 Rxh4 15.
Rxh4 Qxh4 16. Bg2 Qh8 17. Rh1 Qg7 18. Qxg3 Na6 19. Qf2 Bc5 20. d4 Be7 21. Bf1
Nc7 22. Rh3 O-O-O 23. Qh2 Rg8 24. Nd1 Qf8 25. Ne3 c5 26. c3 cxd4 27. cxd4 Bb4
28. Bxb4 Qxb4 29. Nc2 Qe7 30. Bd3 Kb8 31. Qg3 Qf8 32. Qh4 a6 33. a3 Ka7 34. Kb1
Na8 35. Ne3 Nab6 36. Ng4 Nc8 37. Qh6 Qe8 38. Qg5 Ne7 39. Ne3 Nc6 40. Nc2 Rh8 41.
Qg3 Nb6 42. Qh2 Rxh3 43. Qxh3 Nc8 44. Qh4 N8e7 45. Ne1 Nxd4 46. Qf2 Qa4 0-1

[Event "2nd Big Slick GM"]
[Site "London ENG"]
[Date "2011.06.28"]
[Round "4"]
[White "Ledger, Dave J"]
[Black "Arkell, Keith C"]
[Result "1/2-1/2"]
[WhiteTitle "FM"]
[BlackTitle "GM"]
[WhiteElo "2245"]
[BlackElo "2419"]
[WhiteFideId "401986"]
[BlackFideId "400270"]
[EventDate "2011.06.25"]

1. e4 c6 2. d4 d5 3. e5 c5 4. dxc5 Nc6 5. f4 e6 6. Be3 d4 7. Bf2 Bxc5 8. Bd3
Nge7 9. Nd2 Nd5 10. Qg4 g5 11. Qxg5 Qxg5 12. fxg5 Nxe5 13. Be4 Ne3 14. h3 h6 15.
Bg3 Bd6 16. Bxe5 Bxe5 17. Ngf3 Bg7 18. Nb3 hxg5 19. Nfxd4 f5 20. Kf2 Nc4 21. Bd3
Nxb2 22. Bb5+ Kf7 23. Rab1 a6 24. Bf1 Rd8 25. Nf3 Nd1+ 26. Kg1 Nc3 27. Re1 Bf6
28. g4 f4 29. h4 gxh4 30. g5 Rg8 31. Rxh4 Bxg5 32. Rh7+ Kf8 33. Kf2 Bd8 34. Nfd4
Bb6 35. Bc4 Rg6 36. Kf3 Nd5 37. Rh8+ Kg7 38. Reh1 Rg3+ 39. Ke2 e5 40. R1h7+ Kf6
41. Bxd5 exd4 42. Rf7+ Ke5 43. Rh5+ Kd6 44. Rf6+ Ke7 45. Rf7+ Kd6 46. Rf6+ 1/2-1/2

[Event "2nd Big Slick GM"]
[Site "London ENG"]
[Date "2011.06.28"]
[Round "4"]
[White "Eggleston, David J"]
[Black "Galego, Luis"]
[Result "1-0"]
[WhiteTitle "FM"]
[BlackTitle "GM"]
[WhiteElo "2319"]
[BlackElo "2501"]
[WhiteFideId "412120"]
[BlackFideId "1900072"]
[EventDate "2011.06.25"]

1. e4 c5 2. Nf3 e6 3. d4 cxd4 4. Nxd4 a6 5. Nc3 Qc7 6. Bd3 Nf6 7. O-O Bc5 8. Nb3
Be7 9. f4 d6 10. a4 Nc6 11. a5 b5 12. axb6 Qxb6+ 13. Rf2 O-O 14. Qf3 Nb4 15. Be3
Qb7 16. Na5 Qb8 17. e5 dxe5 18. fxe5 Nfd5 19. Qe4 Nxd3 20. cxd3 Bb7 21. Nxb7
Qxb7 22. Nxd5 Qxd5 23. Qxd5 exd5 24. Rc2 f6 25. e6 Rfd8 26. Rc6 Rd6 27. Rac1 Kf8
28. Bb6 Rxc6 29. Rxc6 g5 30. g4 Rb8 31. Kf1 Kg7 32. d4 a5 33. Ke1 Kg6 34. Bc5
Rb7 35. Ra6 f5 36. Rxa5 fxg4 37. b4 Kf6 38. b5 Kxe6 39. b6 Bd6 40. Ra7 Rd7 41.
Bxd6 Rxd6 42. b7 Rb6 43. Ra6 Rxa6 44. b8=Q 1-0

[Event "2nd Big Slick GM"]
[Site "London ENG"]
[Date "2011.06.28"]
[Round "4"]
[White "Shiven, Khosla"]
[Black "Williams, Simon K"]
[Result "1/2-1/2"]
[BlackTitle "GM"]
[WhiteElo "2391"]
[BlackElo "2520"]
[WhiteFideId "5026415"]
[BlackFideId "404454"]
[EventDate "2011.06.25"]

1. e4 c5 2. Nf3 d6 3. d4 cxd4 4. Nxd4 Nf6 5. Nc3 g6 6. Be3 a6 7. f3 b5 8. Qd2
Bb7 9. O-O-O Nbd7 10. Kb1 b4 11. Nd5 Nxd5 12. exd5 Bxd5 13. Nb3 Bxb3 14. axb3
Bg7 15. h4 h5 16. Bd4 Bxd4 17. Qxd4 Nf6 18. g4 O-O 19. Bd3 e5 20. Qe3 Kg7 21.
Rdg1 Rh8 22. Qd2 a5 1/2-1/2

[Event "2nd Big Slick GM"]
[Site "London ENG"]
[Date "2011.06.28"]
[Round "4"]
[White "Houska, Jovanka"]
[Black "Vaibhav, Suri"]
[Result "1/2-1/2"]
[WhiteTitle "IM"]
[BlackTitle "IM"]
[WhiteElo "2429"]
[BlackElo "2430"]
[WhiteFideId "405094"]
[BlackFideId "5045185"]
[EventDate "2011.06.25"]

1. d4 Nf6 2. Nf3 d5 3. c4 e6 4. Nc3 Be7 5. Bg5 O-O 6. e3 Nbd7 7. Rc1 Re8 8. cxd5
exd5 9. Bd3 c6 10. Qc2 Nf8 11. h3 Ne6 12. Bh4 g6 13. O-O Ng7 14. Bxf6 Bxf6 15.
b4 a6 16. a4 b5 17. Rfe1 Qd6 18. e4 Qxb4 19. exd5 1/2-1/2

[Event "2nd Big Slick GM"]
[Site "London ENG"]
[Date "2011.06.29"]
[Round "5"]
[White "Vaibhav, Suri"]
[Black "Ledger, Dave J"]
[Result "1-0"]
[WhiteTitle "IM"]
[BlackTitle "FM"]
[WhiteElo "2430"]
[BlackElo "2245"]
[WhiteFideId "5045185"]
[BlackFideId "401986"]
[EventDate "2011.06.25"]

1. e4 e5 2. Nf3 Nc6 3. Bb5 a6 4. Ba4 Nf6 5. O-O b5 6. Bb3 Bb7 7. d3 Bd6 8. a3
O-O 9. Nc3 h6 10. Be3 Na5 11. Ba2 c5 12. Nh4 Re8 13. Nf5 Bf8 14. f4 d6 15. fxe5
Rxe5 16. Qf3 d5 17. Qg3 Rxf5 18. Rxf5 d4 19. Raf1 dxe3 20. Rxf6 c4 21. Rxf7 Qd4
22. Kh1 e2 23. Rxf8+ Rxf8 24. Rxf8+ Kxf8 25. Qf3+ Kg8 26. Qxe2 Bc8 27. dxc4 Be6
28. Qd1 Qf2 29. cxb5 Bxa2 30. Nxa2 axb5 31. Nb4 Nc4 32. Nd3 Qd4 33. e5 Ne3 34.
Qe2 1-0

[Event "2nd Big Slick GM"]
[Site "London ENG"]
[Date "2011.06.29"]
[Round "5"]
[White "Williams, Simon K"]
[Black "Houska, Jovanka"]
[Result "1-0"]
[WhiteTitle "GM"]
[BlackTitle "IM"]
[WhiteElo "2520"]
[BlackElo "2429"]
[WhiteFideId "404454"]
[BlackFideId "405094"]
[EventDate "2011.06.25"]

1. d4 d5 2. c4 c6 3. Nc3 Nf6 4. Nf3 a6 5. Qc2 g6 6. Bg5 Bg7 7. Bxf6 exf6 8. cxd5
cxd5 9. g3 Nc6 10. Bg2 Be6 11. e3 Rc8 12. O-O h5 13. Ne1 b5 14. Qe2 Bg4 15. Qd2
Ne7 16. Nd3 h4 17. a4 hxg3 18. hxg3 Bh3 19. Bxh3 Rxh3 20. Kg2 Rh8 21. axb5 axb5
22. Nc5 Rb8 23. Rh1 Rxh1 24. Kxh1 f5 25. Ra7 Nc8 26. Rd7 Qa5 27. b4 Qa1+ 28. Kg2
Bf8 29. Nxd5 Bxc5 30. Nf6+ Kf8 31. bxc5 Qa6 32. Nd5 Qc6 33. e4 fxe4 34. Qh6+ Ke8
35. Rc7 Qxc7 36. Nxc7+ Kd7 37. Na6 Ra8 38. Qh3+ 1-0

[Event "2nd Big Slick GM"]
[Site "London ENG"]
[Date "2011.06.29"]
[Round "5"]
[White "Galego, Luis"]
[Black "Shiven, Khosla"]
[Result "1-0"]
[WhiteTitle "GM"]
[WhiteElo "2501"]
[BlackElo "2391"]
[WhiteFideId "1900072"]
[BlackFideId "5026415"]
[EventDate "2011.06.25"]

1. e4 c5 2. Nf3 d6 3. g3 Nf6 4. d3 Nc6 5. Bg2 g6 6. O-O Bg7 7. Nbd2 O-O 8. c3 e5
9. a4 Be6 10. Re1 h6 11. Nf1 Re8 12. Bd2 d5 13. b4 dxe4 14. dxe4 cxb4 15. cxb4
Nd7 16. a5 Rc8 17. Rc1 b5 18. Ne3 Nd4 19. Rxc8 Qxc8 20. Qb1 Qb7 21. Nxd4 exd4
22. Nf5 gxf5 23. exf5 Qc8 24. fxe6 Rxe6 25. Rc1 Qe8 26. Bb7 Nf8 27. Qd3 Rd6 28.
a6 Qe6 29. Rc8 Qa2 30. Kg2 Re6 31. h4 Re7 32. Rc5 Nd7 33. Rc7 Qe6 34. Qxb5 Nb6
35. Rxe7 Qxe7 36. Bf4 Qd8 37. Be4 Qc8 38. Qxb6 1-0

[Event "2nd Big Slick GM"]
[Site "London ENG"]
[Date "2011.06.29"]
[Round "5"]
[White "Ansell, Simon T"]
[Black "Eggleston, David J"]
[Result "1/2-1/2"]
[WhiteTitle "IM"]
[BlackTitle "FM"]
[WhiteElo "2427"]
[BlackElo "2319"]
[WhiteFideId "402141"]
[BlackFideId "412120"]
[EventDate "2011.06.25"]

1. e4 c5 2. Nc3 a6 3. f4 b5 4. g3 Bb7 5. Bg2 e6 6. d3 d5 7. e5 Nc6 8. Nf3 h5 9.
O-O Nge7 10. Qe1 Nf5 11. Nd1 c4 12. Ne3 Bc5 13. Kh1 Bxe3 14. Bxe3 h4 15. Nxh4
Nxh4 16. gxh4 Ne7 17. d4 Nf5 18. Bf2 Nxh4 19. Bxh4 Qxh4 20. Qxh4 Rxh4 21. c3 g6
22. h3 a5 23. a3 Ke7 24. Kh2 Rhh8 25. Kg3 Bc6 26. h4 b4 27. axb4 axb4 28. Bf3
Ba4 29. Rf2 Bb3 30. Rxa8 Rxa8 31. cxb4 f5 32. exf6+ Kxf6 33. Bg4 Ba4 34. Re2 Bd7
35. Rh2 Be8 36. Re2 Bf7 37. Re3 Rb8 38. b3 Rxb4 39. bxc4 dxc4 40. Bd1 Be8 41. d5
Bd7 42. dxe6 Bxe6 43. Bc2 Rb2 44. Be4 Rb3 45. Kf2 Rxe3 46. Kxe3 Bf5 47. Bf3 c3
48. h5 c2 49. Kd2 gxh5 50. Bxh5 Bg6 51. Bxg6 Kxg6 52. f5+ Kxf5 53. Kxc2 1/2-1/2